Southville International School and Colleges
Your cart is empty.
  • Cart
  • Lists
    Public lists Eva Luna New books Lux_list list_1
    Your lists Log in to create your own lists
  • Log in to your account
  • Your cookies
  • Search history
Southville International School and Colleges
  • Advanced search
  • Recent comments
  • Most popular
  • Libraries

Log in to your account

Log in with GOOGLE


If you do not have an external account, but do have a local account, you can still log in:

  1. Home
  2. MARC view: Mindanao harvest :
Normal view MARC view ISBD view

Mindanao harvest : (Record no. 19160)

[ view plain ]
MARC details
000 -LEADER
fixed length control field 01222cam a2200373 a 4500
001 - CONTROL NUMBER
control field 1159882
003 - CONTROL NUMBER IDENTIFIER
control field OSt
005 - DATE AND TIME OF LATEST TRANSACTION
control field 20140310183131.0
008 - FIXED-LENGTH DATA ELEMENTS--GENERAL INFORMATION
fixed length control field 970612m19951996ph 000 0 eng
010 ## - LIBRARY OF CONGRESS CONTROL NUMBER
LC control number 95943855
020 ## - INTERNATIONAL STANDARD BOOK NUMBER
International Standard Book Number 9711006480 (v. 1)
020 ## - INTERNATIONAL STANDARD BOOK NUMBER
International Standard Book Number 971109234 (v. 2)
040 ## - CATALOGING SOURCE
Original cataloging agency DLC
Transcribing agency DLC
Modifying agency DLC
041 0# - LANGUAGE CODE
Language code of text/sound track or separate title engtag
042 ## - AUTHENTICATION CODE
Authentication code lcode
043 ## - GEOGRAPHIC AREA CODE
Geographic area code a-ph---
050 00 - LIBRARY OF CONGRESS CALL NUMBER
Classification number PS 9992
Item number .L732 1995
082 00 - DEWEY DECIMAL CLASSIFICATION NUMBER
Classification number FIL 808.83
-- M66 1995
245 00 - TITLE STATEMENT
Title Mindanao harvest :
Remainder of title an anthology of contemporary writing /
Statement of responsibility, etc Ed. Lim, Jaime An
260 ## - PUBLICATION, DISTRIBUTION, ETC. (IMPRINT)
Place of publication, distribution, etc Quezon City :
Name of publisher, distributor, etc New Day Publishers of the Christian Literature Society of the Philippines,
Date of publication, distribution, etc 1995-1996.
300 ## - PHYSICAL DESCRIPTION
Extent 144 p.
Dimensions 22 cm.
500 ## - GENERAL NOTE
General note Literature.
500 ## - GENERAL NOTE
General note English and Tagalog.
521 ## - TARGET AUDIENCE NOTE
Target audience note
526 ## - STUDY PROGRAM INFORMATION NOTE
Reading level 1210L-1700L
541 ## - IMMEDIATE SOURCE OF ACQUISITION NOTE
-- 1
562 ## - COPY AND VERSION IDENTIFICATION NOTE
Number of copies for circulation. 1 copy available in the collection
650 #0 - SUBJECT ADDED ENTRY--TOPICAL TERM
Topical term or geographic name as entry element Philippine literature (English)
Geographic subdivision Philippines
-- Mindanao Island.
700 2# - ADDED ENTRY--PERSONAL NAME
Personal name An Lim, Jaime L.,
Dates associated with a name 1946-
700 2# - ADDED ENTRY--PERSONAL NAME
Personal name Godinez-Ortega, Christine.
906 ## - LOCAL DATA ELEMENT F, LDF (RLIN)
a 7
b cbc
c origode
d 2
e ncip
f 19
g y-gencatlg
942 ## - ADDED ENTRY ELEMENTS (KOHA)
Source of classification or shelving scheme Library of Congress Classification
Koha item type Books
Call number prefix Filipininana
Holdings
Withdrawn status Lost status Source of classification or shelving scheme Damaged status Home library Current library Shelving location Date acquired Total Checkouts Full call number Barcode Date last seen Price effective from Koha item type
    Library of Congress Classification   College Library College Library Filipiniana Section 08/29/2013   PS 9992 .L732 1995 c1822 05/08/2018 08/29/2013 Books

Mindanao harvest :

APA

An Lim J. L., Godinez-Ortega C., . (19951996). Mindanao harvest. Quezon City: New Day Publishers of the Christian Literature Society of the Philippines.

Chicago

An Lim Jaime L, Godinez-Ortega Christine, . 19951996. Mindanao harvest. Quezon City: New Day Publishers of the Christian Literature Society of the Philippines.

Harvard

An Lim J. L., Godinez-Ortega C., . (19951996). Mindanao harvest. Quezon City: New Day Publishers of the Christian Literature Society of the Philippines.

MLA

An Lim Jaime L, Godinez-Ortega Christine, . Mindanao harvest. Quezon City: New Day Publishers of the Christian Literature Society of the Philippines. 19951996.

  • Place hold
  • Print
  • Cite
  • Add to your cart (remove)
  • Save record
    BIBTEX Dublin Core MARCXML MARC (non-Unicode/MARC-8) MARC (Unicode/UTF-8) MARC (Unicode/UTF-8, Standard) MODS (XML) RIS
  • More searches
    Search for this title in:
    Other Libraries (WorldCat) Other Databases (Google Scholar) Online Stores (Bookfinder.com) Open Library (openlibrary.org)

Exporting to Dublin Core...

SOUTHVILLE LIBRARY

Southville International School and Colleges Library

1281 Tropical Ave. Cor. Luxembourg St., BF Homes International, Las Pinas City

Tel. No. 8256374 / 252358 Loc. 117/146

Powered by Koha